Házastársi vagyonközösség
Elmentve itt :
| Szerző: | |
|---|---|
| További közreműködők: | |
| Dokumentumtípus: | Szakdolgozat |
| Megjelent: |
2000
|
| Tárgyszavak: | |
| Online Access: | http://diploma.bibl.u-szeged.hu/26015 |
| LEADER | 00552nta a2200157 i 4500 | ||
|---|---|---|---|
| 001 | dipl26015 | ||
| 005 | 20130314083833.0 | ||
| 008 | 110927s2000 hu om 0|| zxx d | ||
| 040 | |a SZTE Diploma Repozitórium |b hun | ||
| 041 | |a zxx | ||
| 100 | 1 | |a Ficsór Tamás | |
| 245 | 1 | 0 | |a Házastársi vagyonközösség |h [elektronikus dokumentum] / |c Tamás Ficsór |
| 260 | |c 2000 | ||
| 650 | 4 | |a Jogi és igazgatási tanulmányok | |
| 700 | 2 | |a Tóthné Dr. Fábián Eszter |e ths | |
| 856 | 4 | 0 | |u http://diploma.bibl.u-szeged.hu/id/eprint/26015/1/2000_ficsor_tamas.pdf |z Dokumentum-elérés |